000 00662nam a2200193 i 4500
001 102524
003 ES-MaACL
005 20230906183127.0
007 t|
008 051111s1922 fr ||||1| fre d
100 1 _aMerezhkovsky, Dmitry Sergeyevich.
_980486
245 1 0 _aThéâtre tragique /
_cDmitri Mérejkowsky; traduite par Paul de Chèvremont.
260 _aParis :
_b[s.n.],
_c1922 (
_fImp. Leve)
300 _a504 p. ;
_c19 cm.
505 8 _aContiene: La mort de Paul1er.-- Le tzarevitch Alexis.-- Michel Bakounine.-- La joie sera.
700 1 _aChèvremont, Paul de.
_938437
700 1 _aGramont, Michel de.
_959543
852 _aES-MaACL
_jF-12604
999 _c102524
_d102524